000 00938cam a2200277 a 4500
001 4289804
003 OSt
005 20230620115035.0
008 851126s1984 enka b 001 0 eng
010 _a 85233563
020 _a0907582133 (pbk.)
020 _a0907582109 (hard)
040 _aDLC
_cDLC
_dDLC
043 _ae-gw---
082 0 0 _a320.94
_bSCH
245 0 0 _aPolitics and government in the Federal Republic of Germany :
_bbasic documents /
_cedited by Carl-Christoph Schweitzer ... [et al.].
260 _aLeamington Spa [Warwickshire] :
_bBerg,
_cc1984.
300 _axix, 444 p. :
_bill. ;
_c22 cm.
500 _aIncludes index.
504 _aBibliography: p. [421]-428.
650 0 _aConstitutional history
_zGermany (West)
_xSources.
651 0 _aGermany (West)
_xPolitics and government
_xSources.
700 1 _aSchweitzer, Carl Christoph.
906 _a7
_bcbc
_corignew
_d2
_encip
_f19
_gy-gencatlg
942 _2ddc
_cBK
999 _c1664
_d1664